| 000 | 00000nam##2200000za#4500 |
| 001 | 9.624922 |
| 003 | CaOODSP |
| 005 | 20250403105235 |
| 007 | ta |
| 008 | 150406|1998||||xxc||||| f|0| 0 fre|d |
| 020 | |a0-660-96079-6 |
| 022 | |a1200-5231 |
| 040 | |aCaOODSP|bfre |
| 043 | |an-cn--- |
| 086 | 1 |aCS11-0019/120F |
| 245 | 00|aExiste-t-il des secteurs d'activité de haute technologie ou seulement des entreprises de haute technologie? : |bÉtude basée sur les nouvelles entreprises axées sur la technologie / |cpar John R. Baldwin et Guy Gellatly. |
| 260 | |aOttawa - Ontario : |bStatistique Canada |c1998. |
| 300 | |avii, 57p. : |bgraphiques, tableaux ; |c28 cm. |
| 490 | 1 |aDocuments de recherche|x1200-5231|vN° 120 |
| 500 | |aSommaire: Introduction.--Systèmes de classification existants des secteurs de haute technologie ou du savoir.--Approche basée sur les compétences.--Classification des secteurs.--Comparaison entre les systèmes de classification, selon qu'il sont basés sur les entreprises ou les secteurs d'activité.--Innovation, compétences et innovation technologique: ces variables ont-elles des dimensions distinctes?--Conclusion.--Annexe A: liste des secteurs.--Bibliographie. |
| 504 | |aBibliographie. |
| 563 | |aCouverture souple |
| 590 | |a98-50|b1998-12-11 |
| 691 | 07|aTechnologie de pointe|2gcpds |
| 691 | 07|aIndustrie|2gcpds |
| 710 | 2 |aStatistique Canada. |
| 720 | 1 |aBaldwin, John R. |
| 720 | 1 |aGellatly, Guy |
| 776 | 0#|tExiste-t-il des secteurs d'activité de haute technologie ou seulement des entreprises de haute technologie? : |w(CaOODSP)9.604354 |
| 830 | #0|aDocuments de recherche,|x1200-5231|vN° 120|w(CaOODSP)9.512877 |